V.P. Borovička výberová bibliografia

Bibliographic Details
Main Author: Trepáč, Ondrej, 1960- (Compiler)
Format: Book
Language:Slovak
PhysicalDescription:4 s. 29,6x21 cm
Published: Nové Zámky Požitavská knižnica 1997
Subjects:

MARC

LEADER 00000nam a2200000 a 4500
001 vtls001300684
003 SK-MaSNL
005 20260331203740.0
008 160322s1997 xo b b 0 slo
015 |a SNBSAB1997-00029 
035 |a SNK000252684 
040 |a SNK  |b slo  |c SNK  |e AACR2 
041 0 |a slo 
044 |a xo  |c SK 
080 |a 82:929:885.0:012  |2 1981 
080 |a 885.0  |2 1981 
080 |a 012  |2 1981 
080 |a 929 Borovička, Václav Pavel  |2 1981 
100 1 |a Trepáč, Ondrej,  |d 1960-  |4 zos  |9 134013 
245 1 |a V.P. Borovička  |b výberová bibliografia  |c [zostavil: Ondrej Trepáč] 
260 |a Nové Zámky  |b Požitavská knižnica  |c 1997 
300 |a 4 s.  |c 29,6x21 cm 
500 |a Údaj o zost. je prevzatý z tiráže 
504 |a Lit. 29 zázn. o kn. v češ., maď. a slov. 
600 1 7 |a Borovička, V. P.  |q (Václav Pavel),  |d 1920-2004  |2 SNK  |9 119425 
655 7 |a personálne bibliografie  |2 SNK  |9 70198 
655 7 |a neperiodické bibliografie  |2 SNK  |9 60408 
958 |a RM 
958 |a BR 
958 |a BX 
958 |a SF 
999 |c 1145185  |d 1147115 
952 |t P60, <03>, [BOOK], {603}  |a SNK  |b SNK  |y PREZ  |7 0  |p 17A0088789  |o snkOSB 11499  |i snkKSP 9342/97  |0 0  |1 0  |4 0  |d 1997-09-04  |l 0  |r 2005-01-02 00:00:00  |w 2026-02-24 
952 |t P60, <04>, [BOOK], {604}  |a SNK  |b SNK  |y VYP  |7 0  |p 17A0088816  |o snkOSB 11499 D1  |i snkKSP 9452/97  |0 0  |1 0  |4 0  |d 1997-09-05  |l 0  |r 2005-01-02 00:00:00  |w 2026-02-24